000 01205nam a22003497a 4500
003 CHAP
005 20250925062748.0
008 971013s1984 r 00010 d
010 _a71564
011 _a72536
035 _a82092
040 _cCHAP
090 _aTesis
100 0 0 _aAguilar Arce, Jose Trinidad.
_92646
245 _aSuplementación post-destete de becerros Brahman en pastoreo de zacate estrella de africa (Cynodon plectostachyus Pilger)
260 _a(Monterrey, N.L.) :
_bEl autor,
_c1984
300 _a46 h.
502 _aTesis (Ing. Agr. Zootecnista) -- ITESM. Div. de Ciencias Agropecuarias y Marítimas
590 _aALEPH
_b10
_c20130110
_lUCH01
_h1412
590 _aBATCH-UPD
_b10
_c20130110
_lUCH01
_h1519
590 _aBATCH-UPD
_b10
_c20130410
_lUCH01
_h0932
590 _aBATCH-UPD
_b10
_c20130914
_lUCH01
_h0553
590 _aCONVERSION
_b10
_c20130109
_lUCH01
_h1339
650 1 4 _aBecerros
_xAlimentación.
_911172
650 1 4 _aBecerros
_xEngorda.
_911180
650 1 7 _aCynodon nlemfuensis
_2
_930799
650 1 7 _aGanado cebú
_2
_945056
650 1 4 _aGanado vacuno
_xPastoreo.
_945502
901 _aBK
942 _cTESIS
949 _bBC
_cTES
_d-35913
_eTS1
_h17818
_i82092
_si
999 _c71564
_d71564